Bài tập nhạc 4: Q.4; T.1
.
Đã lưu trong:
| Tác giả chính: | |
|---|---|
| Định dạng: | Sách |
| Năm xuất bản: |
H.:
Giáo dục,
|
| Chủ đề: | |
| Tags: |
Thêm thẻ
Không có thẻ, Hãy là người đầu tiên gắn thẻ bản ghi này!
|
| LEADER | 00871nam a2200169 4500 | ||
|---|---|---|---|
| 082 | |a 372.87 |b B103t | ||
| 100 | |a . | ||
| 245 | |a Bài tập nhạc 4: |b Q.4; T.1 |c Hoàng Long chủ biên, Trần Cường.- | ||
| 260 | |a H.: |b Giáo dục, | ||
| 300 | |a 32tr.; |c 24cm | ||
| 520 | |a . | ||
| 653 | |a Âm nhạc( Giáo dục tiểu học) | ||
| 942 | |2 ddc |c STK0 | ||
| 999 | |c 11628 |d 11628 | ||
| 952 | |0 0 |1 0 |2 ddc |4 0 |6 372_870000000000000_B103T |7 0 |8 300 |9 99407 |a qbu |b qbu |c D1 |d 2015-11-18 |g 5000 |l 1 |o 372.87 B103t |p 11194.c1 |r 2019-03-08 |s 2019-02-25 |w 2015-11-18 |y STK0 | ||
| 952 | |0 0 |1 0 |2 ddc |4 0 |6 372_870000000000000_B103T |7 0 |8 300 |9 99408 |a qbu |b qbu |c D1 |d 2015-11-18 |g 5000 |l 1 |o 372.87 B103t |p 11194.c2 |r 2018-05-28 |s 2018-05-18 |w 2015-11-18 |y STK0 | ||
| 952 | |0 0 |1 0 |2 ddc |4 0 |6 372_870000000000000_B103T |7 0 |8 300 |9 99409 |a qbu |b qbu |c D1 |d 2015-11-18 |g 5000 |l 1 |o 372.87 B103t |p 11194.c3 |r 2018-12-25 |s 2018-12-21 |w 2015-11-18 |y STK0 | ||